000 00525nam a22001817a 4500
005 20150324110806.0
010 _aENG-112193
020 _a9789350099124
_c399.00
035 _aEN-95725
037 _bDBAD/PUB
082 _aN
100 _aTenduf-La, Chhimi
245 _aThe amazing racist /
_cby Chhimi Tenduf-La
260 _aGurgaon
_bHachette Book Publishing
_c2014
270 _a4th & 5th Floor, Corporate Centre, Plot No.94, Sector -44
_bGurgaon
_e122003
300 _a232p.
_c21cm(pbk)
942 _2ddc
_cEN
_mTEN
_hN
999 _c91504
_d91504